000
00351 a2200157 4500
999
_c
12129
_d
12129
003
OSt
005
20231223120103.0
008
231223b ||||| |||| 00| 0 eng d
020
_a
3764366677
040
_c
bmsca
082
_a
720
100
_a
Feireiss
245
_a
Ingenhoven Overdiek Und Partner Energies
260
_b
Birkhauser
942
_2
ddc